000 01610nam a2200253Ia 4500
999 _c55441
_d55441
001 22523
003 GE_BSU
005 20221221161830.0
008 181216s2018||||ge |||||||||||||| ||geo||
040 _cGE_BSU
041 _ageo
080 _a82 გ-21
100 _aგარაყანიძე, ქეთევან
_911734
245 _aწარმართობის კვალი ადრეული პერიოდის ჰაგიოგრაფიაში /
_cგარაყანიძე, ქეთევან; სამეცნიერო ხელმძღვანელი რამაზ ხალვაში; ბათუმის შოთა რუსთაველის უნივერსიტეტი; ჰუმანიტარულ მეცნიერებათა ფაკულტეტი.;
264 _aბათუმი,
_c2018
300 _a114 გვ. ;
_b30 სმ.
504 _aბიბლიოგრ. გვ. 110-114.
653 _aფილოლოგია
653 _aწარმართობის კვალი ადრეული პერიოდის ჰაგიოგრაფიაში
653 _aდისერტაცია
700 _aხალვაში, რამაზ
_eსამეცნიერო ხლმძღვანელი
_92151
710 _aბათუმის შოთა რუსთაველის უნივერსიტეტი;
_bჰუმანიტარულ მეცნიერებათა ფაკულტეტი
_916515
942 _cDS
_2udc